000 00621nam a2200217 i 4500
001 146123
003 ES-MaACL
005 20240416195449.0
007 t|
008 070903s1965 sp ||||1| spa d
080 _a371.03:28
080 _a268
100 1 _aTrachta, Mary Berenice.
_9111208
245 1 3 _aLa catequesis, hoy /
_cM. Berenice Trachta ; [versión castellana de Alejandro Ros].
260 _aBarcelona :
_bEd. Herces,
_c1965.
300 _a244 p. ;
_c20 cm.
650 1 4 _aCatequesis
_910853
700 1 _aRos, Alejandro.
_999564
852 _aES-MaACL
_jC-48642
_bR.58419
999 _c146123
_d146123